| 000 | 00487nam a2200145 i 4500 | ||
|---|---|---|---|
| 001 | 72129 | ||
| 003 | ES-MaACL | ||
| 005 | 20230906171330.0 | ||
| 007 | t| | ||
| 008 | 040826s1919 fr ||||1| fre d | ||
| 100 | 1 |
_aGilbert, J. _956915 |
|
| 245 | 1 | 0 |
_aAdductions et distributions d'eau _b: type de rapport explicatif et justificatif dfe l'alimentation en eau d'une ville pour petites villes ou communes / _cJ. Gilbert. |
| 260 |
_aParĂs : _bDunod, _c1919. |
||
| 852 |
_aES-MaACL _j1612-F-14 |
||
| 999 |
_c72129 _d72129 |
||